000 00703nam a2200289Ia 4500
005 20260324150133.0
008 008 260324s9999 xx 000 0 eng d
020 _a9780429283376
037 _aEBOOK
040 _aCRL
040 _beng
040 _cCRL
041 _2eng
041 _aeng
084 _qCRL
100 _aRobert Benewick; R. N Berki; Bhikhu Parekh
_91225381
245 0 _aKnowledge and Belief in Politics
245 4 _bThe Problem of Ideology
260 _bTaylor and Francis
260 _c1973
365 _a
365 _b205
856 _uhttp://www.taylorfrancis.com/books/9780429283376
942 _cEBOOK
999 _c1834330
_d1834330